[Event "Panevezys op"]
[Site "Panevezys"]
[Date "2023.08.18"]
[Round "2"]
[White "Andrusevics, Jegors"]
[Black "Rauk, Tonu"]
[Result "0-1"]
[WhiteElo "1680"]
[BlackElo "2108"]
[PlyCount "48"]
[EventDate "2023.08.18"]
[EventType "swiss"]
[EventRounds "7"]
[EventCountry "LTU"]
[SourceTitle "EXT 2024"]
[Source "ChessBase"]
[SourceDate "2023.10.10"]
[SourceVersion "1"]
[SourceVersionDate "2023.10.10"]
[SourceQuality "1"]

1. d4 Nf6 2. Bf4 d5 3. e3 Bf5 4. c4 e6 5. Nc3 c6 6. Qb3 Nbd7 7. Qxb7 Rc8 8. c5 e5 9. Bg5 Rc7 10. Qb3 h6 11. Bxf6 Qxf6 12. Qa4 Rb7 13. Nxd5 cxd5 14. c6 Bb4+ 15. Kd1 Rb6 16. Rc1 0-0 17. cxd7 exd4 18. Rc8 dxe3 19. fxe3 Bxd7 20. Rxf8+ Kxf8 21. Qxd7 Qxf1+ 22. Kc2 Qc4+ 23. Kb1 Qd3+ 24. Kc1 Qd2+ 0-1

[Event "Taujenai Manor Cup"]
[Site "Taujenai"]
[Date "2021.11.27"]
[Round "1"]
[White "Laurusas, Tomas"]
[Black "Andrusevics, Jegors"]
[Result "1-0"]
[WhiteElo "2550"]
[BlackElo "1586"]
[PlyCount "65"]
[EventDate "2021.11.27"]
[EventType "swiss (rapid)"]
[EventRounds "9"]
[EventCountry "LTU"]
[SourceTitle "EXT 2023"]
[Source "ChessBase"]
[SourceDate "2022.10.05"]
[SourceVersion "1"]
[SourceVersionDate "2022.10.05"]
[SourceQuality "1"]

1. b3 d5 2. Bb2 Nf6 3. Nf3 c5 4. e3 Nc6 5. Bb5 a6 6. Bxc6+ bxc6 7. 0-0 Bg4 8. h3 Bh5 9. d3 e6 10. Nbd2 Bd6 11. e4 Bf4 12. Qe1 0-0 13. Be5 Bxe5 14. Nxe5 Qc7 15. f4 Nd7 16. Nxd7 Qxd7 17. g4 dxe4 18. gxh5 exd3 19. c3 Rae8 20. Qe3 Qd5 21. Qe5 Qd7 22. Qxc5 e5 23. f5 e4 24. Rae1 Qd5 25. Qxd5 cxd5 26. Kf2 Rc8 27. c4 g6 28. Ke3 Rfe8 29. cxd5 gxf5 30. Rxf5 Rc2 31. Rg1+ Kh8 32. Rxf7 Rxa2 33. d6 1-0

[Event "Panevezys op-B"]
[Site "Panevezys"]
[Date "2021.08.01"]
[Round "7"]
[White "Braziunaite, Rasa"]
[Black "Andrusevics, Jegors"]
[Result "0-1"]
[WhiteElo "1593"]
[BlackElo "1176"]
[PlyCount "96"]
[EventDate "2021.07.30"]
[EventType "swiss"]
[EventRounds "7"]
[EventCountry "LTU"]
[SourceTitle "EXT 2022"]
[Source "ChessBase"]
[SourceDate "2021.10.06"]
[SourceVersion "1"]
[SourceVersionDate "2021.10.06"]
[SourceQuality "1"]

1. b3 Nf6 2. Bb2 d5 3. e3 c5 4. Bb5+ Bd7 5. Bxd7+ Nbxd7 6. Nf3 e6 7. 0-0 Bd6 8. c4 0-0 9. Nc3 dxc4 10. bxc4 Ne5 11. Nxe5 Bxe5 12. f4 Bxc3 13. Bxc3 Ne4 14. Qc2 Nxc3 15. Qxc3 Qd7 16. Rf3 f5 17. Rg3 Rad8 18. h4 Rf7 19. Rd1 Qd3 20. Qxd3 Rxd3 21. Kf2 Rfd7 22. Ke2 Ra3 23. Ra1 Rd6 24. Rf3 Rda6 25. e4 Rxa2 26. Rxa2 Rxa2 27. exf5 exf5 28. Rb3 b6 29. Ke3 Kf7 30. g3 Ra4 31. d3 Rb4 32. Rc3 Ke6 33. d4 Kd6 34. d5 b5 35. cxb5 Rxb5 36. Rd3 c4 37. Rd4 Kc5 38. Rd1 Rb3+ 39. Kf2 Rd3 40. Ra1 Rxd5 41. Rxa7 c3 42. Rxg7 Kc4 43. Rxh7 c2 44. Rc7+ Rc5 45. Rxc5+ Kxc5 46. g4 c1Q 47. Kf3 Qd1+ 48. Kg3 Qxg4+ 0-1

[Event "Panevezys op-B"]
[Site "Panevezys"]
[Date "2021.07.31"]
[Round "4"]
[White "Golsta, Ramona"]
[Black "Andrusevics, Jegors"]
[Result "1-0"]
[WhiteElo "1704"]
[BlackElo "1176"]
[PlyCount "91"]
[EventDate "2021.07.30"]
[EventType "swiss"]
[EventRounds "7"]
[EventCountry "LTU"]
[SourceTitle "EXT 2022"]
[Source "ChessBase"]
[SourceDate "2021.10.06"]
[SourceVersion "1"]
[SourceVersionDate "2021.10.06"]
[SourceQuality "1"]

1. d4 d5 2. Nf3 Nf6 3. Bg5 Bg4 4. e3 c6 5. c3 Qb6 6. Qb3 Nbd7 7. Nbd2 e6 8. c4 c5 9. Ne5 h6 10. Bxf6 Nxf6 11. cxd5 Qxb3 12. Nxb3 cxd4 13. Bb5+ Kd8 14. Nxf7+ Kc7 15. Nxh8 Bb4+ 16. Kf1 Rxh8 17. dxe6 dxe3 18. fxe3 Bxe6 19. Rc1+ Kb8 20. Bc4 Bg4 21. Be2 Rf8 22. Bf3 Nd5 23. Ke2 Bxf3+ 24. gxf3 Re8 25. e4 Nf4+ 26. Ke3 g5 27. h4 Ng2+ 28. Kf2 Nxh4 29. Nc5 Re7 30. Rhd1 a6 31. Rd6 Rf7 32. Rxh6 Rxf3+ 33. Ke2 Rh3 34. Nxa6+ bxa6 35. Rb6+ Ka7 36. Rxb4 Rh2+ 37. Ke3 Rh3+ 38. Kd4 g4 39. Rc7+ Ka8 40. Rcb7 a5 41. Rb8+ Ka7 42. R4b7+ Ka6 43. Kc5 Rh1 44. Rb6+ Ka7 45. R8b7+ Ka8 46. Kb5 1-0